Panzerlärm an Österreichs Grenze- der Grenzsicherungseinsatz des Österreichischen Bundesheeres 1956 : Begleitband zur Sonderausstellung des Heeresgeschichtlichen Museums, 17. Oktober 2006 - 1. April 2007

Bibliographic Details
Corporate Author: Heeresgeschichtliches Museum (Viedeň, Rakúsko) (Editor)
Other Authors: Erschmann, Wolfgang (Editor)
Format: Book
Language:German
PhysicalDescription:185 s. faks., fotogr. (prevažne fareb.) 25 cm
Published: Wien Heeregeschichtliches Museum c2006
ISBN:390255102X (brož.)
9783902551033 (brož.)
Subjects:

MARC

LEADER 00000nam a2200000 a 4500
001 vtls009294804
003 SK-MaSNL
005 20260301081633.0
008 080516s2006 au ho g 000 0 ger
020 |a 390255102X (brož.) 
020 |a 9783902551033 (brož.) 
040 |a SNK  |b slo  |c SNK  |e AACR2 
041 0 |a ger 
043 |a e-au--- 
044 |a au  |c AT 
072 7 |a 355/359  |x Vojenstvo. Obrana krajiny. Ozbrojené sily  |2 konspekt 
072 7 |a 356  |x Vojenská služba. Pechota  |2 konspekt 
080 |a 355-051  |2 2001 
080 |a 355.082  |2 2001 
080 |a 355.457  |2 2001 
080 |a 356.162  |2 2001 
080 |a (436)  |2 2001 
080 |a (093)  |2 2001 
245 0 0 |a Panzerlärm an Österreichs Grenze-  |b der Grenzsicherungseinsatz des Österreichischen Bundesheeres 1956 : Begleitband zur Sonderausstellung des Heeresgeschichtlichen Museums, 17. Oktober 2006 - 1. April 2007  |c unter Mitarbeit von Wolfgang Etschmann ... [et al.] ; Heeresgeschichtliches Museum Wien (Hrsg.) 
260 |a Wien  |b Heeregeschichtliches Museum  |c c2006 
300 |a 185 s.  |b faks., fotogr. (prevažne fareb.)  |c 25 cm 
504 |a Obsahuje bibliogr. 
610 1 7 |a Rakúsko.  |b Pohraničná stráž  |2 SNKKA  |9 405242 
648 7 |a 1956  |2 SNK  |9 307092 
650 0 7 |a vojaci  |2 SNKPH  |9 20587 
650 0 7 |a dôstojníci  |2 SNKPH  |9 59086 
650 0 7 |a pancieroví granátnici  |2 SNK  |9 405243 
651 7 |a Rakúsko  |2 SNKPHgeo  |9 18533 
655 7 |a dokumenty  |2 SNKPH  |9 70482 
700 1 |a Erschmann, Wolfgang  |4 edt  |9 405244 
710 2 |a Heeresgeschichtliches Museum (Viedeň, Rakúsko)  |4 edt  |9 35902 
919 |a 3-902551-02-X 
919 |a 978-3-902551-03-3 
999 |c 656409  |d 658339 
952 |a SNK  |b SNK  |y VYP  |7 0  |p 17A0590351  |o snkIC 136627  |i snk2008/12053  |8 2  |g 12.85  |0 0  |1 0  |4 0  |d 2008-05-16  |l 0  |r 2026-02-23 18:37:36  |w 2026-02-23